| 000 | 00000nam##2200000za#4500 |
| 001 | 9.695486 |
| 003 | CaOODSP |
| 005 | 20210624234611 |
| 007 | cr ||||||||||| |
| 008 | 150407|2011||||xxc|||||o f|0| 0 eng|d |
| 020 | |a978-1-100-19955-9 |
| 040 | |aCaOODSP|beng |
| 043 | |an-cn--- |
| 086 | 1 |aPS4-115/2011E-PDF |
| 110 | 1 |aCanada. |bPublic Safety Canada. |
| 245 | 10|aIdentifying street gangs : |h[electronic resource]|bdefinitional dilemmas and their policy implications / |cby Scot Wortley. |
| 260 | |aOttawa - Ontario : |bPublic Safety Canada |c2010. |
| 300 | |a34p.|breferences |
| 500 | |a"Report no. 016, 2010"--p. 1 of 34. |
| 590 | |a12-05-Supp|b2012-03-02 |
| 720 | 1 |aWortley, Scot |
| 775 | 08|tIdentification des gangs de rue : |w(CaOODSP)9.639623 |
| 856 | 40|ahttp://publications.gc.ca|qPDF|s535 KB|uhttps://publications.gc.ca/collections/collection_2012/sp-ps/PS4-115-2011-eng.pdf |